| 000 | 01682nam a2200265 4500 | ||
|---|---|---|---|
| 005 | 20260410095744.0 | ||
| 008 | 260410b |||||||| |||| 00| 0 eng d | ||
| 020 | _a9780070707030 | ||
| 040 | _cAL | ||
| 041 | _aeng | ||
| 082 |
_a620.1127 _bPRAN |
||
| 100 |
_aPrasad J _9261287 |
||
| 245 | _aNon destructive test and evaluation of materials Ed 2 | ||
| 250 | _a2 | ||
| 260 |
_aChennai _bMcGraw Hill Education India Pvt Ltd _c2018 |
||
| 300 |
_axvi,199p _bHB _c24.5x19cm |
||
| 365 |
_2Electronics and Communication Engineering _aVBI-2645 _b₹660.00 _c₹ _d₹880.00 _e25% _f20-02-2026 |
||
| 520 | _aNon- Destructive Test and Evaluation of Materials offers every engineer, technical professional, teacher and student engaged in NDE activities an authoritative guide to the most commonly used and emerging methods of NDE. It helps readers to prepare for professional NDE Level I, II, and III tests. The book elaborately provides guidelines on developing specific NDE techniques and criteria for acceptance of materials for various applications as well as the NDE requirements of design, manufacturing and maintenance agencies. Containing over 200 illustrations, this essential reference discusses: 1. Complete overview of NDE technology and its capabilities in providing support to designers and manufactures 2. Principles and applications of different non-destructive evaluation methods 3. Industrial applications of NDE 4. Modern trends in various disciplines of NDE | ||
| 650 |
_aRadiography _9261288 |
||
| 650 |
_aUltrasonics _9261289 |
||
| 650 |
_aLiquid Penetant Test _9261290 |
||
| 650 |
_aNDE _9261291 |
||
| 650 |
_aEddy Current Test _9261292 |
||
| 942 |
_2ddc _cBK |
||
| 999 |
_c241213 _d241213 |
||